Dark satanic : la maledizione : romanzo /

Guardat en:
Dades bibliogràfiques
Autor principal: Bradley, Marion Zimmer (Autor)
Altres autors: Togliani, Maddalena
Format: Llibre
Idioma:italià
Publicat: Milano : TEA, 2003
Col·lecció:TEAdue ; 1061
Etiquetes: Afegir etiqueta
Sense etiquetes, Sigues el primer a etiquetar aquest registre!

MARC

LEADER 00000nam a22000007i 4500
001 IT\ICCU\LO1\0748046
003 ItRI
005 20260115231931.0
008 030506s2003 it |||||| ||||| |||||c
020 |a 8878182710 
040 |b ita  |c importazione bologna sebina 
041 7 |a ita  |2 ISO-639-2 
100 1 |a Bradley, Marion Zimmer  |0 IT\ICCU\CFIV\039273  |4 aut 
240 1 0 |a Dark satanic.  |3 IT\ICCU\LO1\0748049  |9 Bradley, Marion Zimmer 
245 1 0 |a Dark satanic :  |b la maledizione : romanzo /  |c Marion Zimmer Bradley ; traduzione di Maddalena Togliani. 
260 |a Milano :  |b TEA,  |c 2003 
300 |a 222 p. ;  |c 20 cm. 
700 1 |a Togliani, Maddalena  |0 IT\ICCU\UBOV\332585 
790 1 |a Bradley, M. Zimmer  |3 IT\ICCU\CFIV\372184  |z Bradley, Marion Zimmer 
790 1 |a Togliani Fessart, Maddalena  |3 IT\ICCU\SBNV\083093  |z Togliani, Maddalena 
790 1 |a Zimmer Bradley, Marion  |3 IT\ICCU\CFIV\085142  |z Bradley, Marion Zimmer 
830 0 |a TEAdue ;  |v 1061  |0 IT\ICCU\CFI\0134828 
942 |2 ddc  |c BK  |n 0 
952 |0 0  |1 0  |4 0  |6 DOC_813_540000000000000_ZIM  |7 0  |9 17016  |a BO  |b BO  |d 2026-01-15  |i 20016  |l 0  |o DOC 813.54 ZIM  |p BO20016  |r 2026-01-15 23:19:31  |w 2026-01-15  |x [Sebina 5] [1 v.]  |y BK  |z 1 v. 
999 |c 14532  |d 14532